000 00419nam a22001337a 4500
082 _a540
_bMAL/S
100 _aS K MALHOTRA
245 _aSUPER SIMPLIFIED SCIENCE CHEMISTRY
_bCLASS IX
260 _aJALANDHAR
_bS.DINESH & CO
_c2010
300 _a191
520 _aSUMMATIVE AND FORMATIVE ASSESSMENTS, CBSE SAMPLE PAPER AND QUESTION BANK, MCQ AND HOTS BASED QUESTIONS
650 _aCHEMISTRY FOR CLASS IX
_zINDIA
942 _cBK
999 _c912
_d912